Central Library OPAC University of Rajshahi

The makers of modern geography / (Record no. 70332)

MARC details
000 -LEADER
fixed length control field 00808nam a2200253 a 4500
001 - CONTROL NUMBER
control field 70332
003 - CONTROL NUMBER IDENTIFIER
rucl marc code BD-RjUL
005 - DATE AND TIME OF LATEST TRANSACTION
control field 20211209082004.0
008 - FIXED-LENGTH DATA ELEMENTS--GENERAL INFORMATION
fixed length control field 170417r19781969enkcfh b 001 0ceng
020 ## - INTERNATIONAL STANDARD BOOK NUMBER
International Standard Book Number 0710067755
035 ## - SYSTEM CONTROL NUMBER
System control number (BD-RjUL)70546
040 ## - CATALOGING SOURCE
Original cataloging agency DLC
Transcribing agency DLC
Modifying agency BD-RjUL
Language of cataloging eng
041 ## - LANGUAGE CODE
Language code of text/sound track or separate title eng
082 00 - DEWEY DECIMAL CLASSIFICATION NUMBER
Classification number 910
Edition number 23
Author mark and year DIM 1978
100 1# - MAIN ENTRY--PERSONAL NAME
Personal name Dickinson, Robert E.
Fuller form of name (Robert Eric),
Dates associated with a name 1905-1981.
9 (RLIN) 166878
245 14 - TITLE STATEMENT
Title The makers of modern geography /
Statement of responsibility, etc. by Robert E. Dickinson.
260 ## - PUBLICATION, DISTRIBUTION, ETC. (IMPRINT)
Place of publication, distribution, etc. London :
Name of publisher, distributor, etc. Routledge & K. Paul,
Date of publication, distribution, etc. 1969, [reprinted 1978]
300 ## - PHYSICAL DESCRIPTION
Pagination xiv, 305 p. :
Illustrations ill. ;
Size 22 cm.
504 ## - BIBLIOGRAPHY, ETC. NOTE
Bibliography, etc Bibliography: p. xiv. Bibliographical footnotes.
650 #0 - SUBJECT ADDED ENTRY--TOPICAL TERM
Topical term or geographic name as entry element Geographers
9 (RLIN) 166880
Topical term or geographic name as entry element Geographers
Geographic subdivision France.
9 (RLIN) 166879
Topical term or geographic name as entry element Geographers
Geographic subdivision Germany.
9 (RLIN) 166880
942 ## - ADDED ENTRY ELEMENTS (KOHA)
Source of classification or shelving scheme Dewey Decimal Classification
Koha item type Books
Holdings
Lost status Source of classification or shelving scheme Damaged status Not for loan Collection code Permanent Location Current Location Shelving location Date acquired Source of acquisition Cost, normal purchase price Total Checkouts Full call number Date last seen Copy number Koha item type
  Dewey Decimal Classification   Not For Loan Non-fiction Central Library, University of Rajshahi Central Library, University of Rajshahi Reading Room 02/07/1982 Heffer 9.75   910 DIM 1978 17/04/2017 C-1 Books